Catálogo
 En Linea

Discurso bíblico transversal: (Registro nro. 50274)

Detalles MARC
000 -CABECERA
campo de control de longitud fija 01181nam a22002537a 4500
003 - IDENTIFICADOR DEL NÚMERO DE CONTROL
campo de control DO-SdBNP
005 - FECHA Y HORA DE LA ÚLTIMA TRANSACCIÓN
campo de control 20210825092101.0
007 - CAMPO FIJO DE DESCRIPCIÓN FÍSICA--INFORMACIÓN GENERAL
campo de control de longitud fija ta
008 - DATOS DE LONGITUD FIJA--INFORMACIÓN GENERAL
campo de control de longitud fija 210824e2018 dr aodbgr|||| 001 e spa d
020 ## - NÚMERO INTERNACIONAL ESTÁNDAR DEL LIBRO
Número Internacional Estándar del Libro 9789945169171
040 ## - FUENTE DE LA CATALOGACIÓN
Centro catalogador/agencia de origen DO-SdBNP
Lengua de catalogación spa
Centro/agencia transcriptor BNPHU
Normas de descripción spa
082 ## - NÚMERO DE LA CLASIFICACIÓN DECIMAL DEWEY
Número de documento/Ítem P438d
100 1# - ENTRADA PRINCIPAL--NOMBRE DE PERSONA
9 (RLIN) 74486
Nombre de persona Pérez M., Diomarys A.
245 13 - MENCIÓN DE TÍTULO
Título Discurso bíblico transversal:
Resto del título Génesis 3:15 /
Mención de responsabilidad, etc. Diomarys A. Pérez M.; José E. Flete-Morillo, pról.
260 ## - PUBLICACIÓN, DISTRIBUCIÓN, ETC.
Lugar de publicación, distribución, etc. Santo Domingo :
Nombre del editor, distribuidor, etc. Editora Búho,
Fecha de publicación, distribución, etc. 2016
300 ## - DESCRIPCIÓN FÍSICA
Extensión 343 p.:
Otras características físicas il., fotogr., gráf., mapas, retr.;
Dimensiones 23cm
500 ## - NOTA GENERAL
Nota general Incluye biografía de la autora en la solapa.
500 ## - NOTA GENERAL
Nota general Biografía y notas al pié de páginas.
504 ## - NOTA DE BIBLIOGRAFÍA, ETC.
Nota de bibliografía, etc. Bibliografía, p. 339-343
505 ## - NOTA DE CONTENIDO CON FORMATO
Información miscelánea Capítulo I.
Título Profecía bíblica.--
Información miscelánea Capítulo II.
Título La profecía de Génesis 3:15.--
Información miscelánea Capítulo III.
Título Los pactos bíblicos en el entramado profético.--
Información miscelánea Capítulo IV.
Título Implicaciones de la profecía de Génesis 3:15 en el discurso profético.--
Información miscelánea Capítulo V.
Título Apocalipsis, Jesús revela el triunfo final sobre la serpiente antigua.
590 ## - NOTA LOCAL (RLIN)
Nota local Inventariado 2021 / MF
700 12 - PUNTO DE ACCESO ADICIONAL--NOMBRE DE PERSONA
9 (RLIN) 65213
Nombre de persona Flete Morillo, José E.
Término indicativo de función/relación pról.
942 ## - ELEMENTOS DE PUNTO DE ACCESO ADICIONAL (KOHA)
Fuente del sistema de clasificación o colocación Dewey Decimal Classification
Tipo de ítem Koha Libro
Existencias
Estado de retiro Estado de pérdida Fuente del sistema de clasificación o colocación Restricciones de uso No para préstamo Código de colección Localización permanente Ubicación/localización actual Ubicación en estantería Fecha de adquisición Fuente de adquisición Total de préstamos Código de barras Fecha visto por última vez Precio válido a partir de Tipo de ítem Koha Signatura topográfica completa Número de copia
    Dewey Decimal Classification Préstamo en sala   Dominicana de Servicio Biblioteca Nacional Pedro Henríquez Ureña General Depósito 27.11.2018 Donado por Editora Búho   2021-25685 25.08.2021 25.08.2021 Libro y Folleto Colección Dominicana de Servicio P438d e.3
    Dewey Decimal Classification Excluido de préstamo Excluido de préstamo Patrimonio Dominicano Biblioteca Nacional Pedro Henríquez Ureña Patrimonio Dominicano Depósito 27.11.2018 Donado por Editora Búho   2021-25683 24.08.2021 24.08.2021 Libro y Folleto Colección Patrimonio Dominicano    
    Dewey Decimal Classification Excluido de préstamo Préstamo restrigido Patrimonio Dominicano Biblioteca Nacional Pedro Henríquez Ureña Patrimonio Dominicano Depósito 27.11.2018 Donado por Editora Búho   2021-25684 25.08.2021 25.08.2021 Libro y Folleto Colección Patrimonio Dominicano P438d e.2

Con tecnología Koha